000
00308nam a22001337a 4500
008
171019b xxu||||| |||| 00| 0 eng d
020
_a
9780135539422
041
_a
eng
080
_2
3RD
_a
338
100
_a
53
101
_a
MEN
245
_a
MANAGEMENT PRINCIPLES AND PRACTICES
_c
HOLT,D.H
942
_2
udc
_c
BK
999
_c
34943
_d
34943